Central Library OPAC University of Rajshahi

Lester Frank Ward : (Record no. 33177)

MARC details
000 -LEADER
fixed length control field 00758nam a22002531 4500
001 - CONTROL NUMBER
control field 33177
003 - CONTROL NUMBER IDENTIFIER
rucl marc code BD-RjUL
005 - DATE AND TIME OF LATEST TRANSACTION
control field 20211209051948.0
008 - FIXED-LENGTH DATA ELEMENTS--GENERAL INFORMATION
fixed length control field 140430r1969 nyu 000 0aeng
035 ## - SYSTEM CONTROL NUMBER
System control number (BD-RjUL)33268
040 ## - CATALOGING SOURCE
Original cataloging agency DLC
Transcribing agency DLC
Modifying agency DLC
-- BD-RjUL
Language of cataloging eng
041 ## - LANGUAGE CODE
Language code of text/sound track or separate title eng
082 00 - DEWEY DECIMAL CLASSIFICATION NUMBER
Classification number 301.082
Author mark and year GEL 1969
100 1# - MAIN ENTRY--PERSONAL NAME
Personal name Ward, Lester Frank.
Dates associated with a name 1841-1913.
9 (RLIN) 100774
245 00 - TITLE STATEMENT
Title Lester Frank Ward :
Remainder of title selections from his work /
Statement of responsibility, etc. by Israel Gerver.
260 ## - PUBLICATION, DISTRIBUTION, ETC. (IMPRINT)
Place of publication, distribution, etc. New York :
Name of publisher, distributor, etc. Crowell,
Date of publication, distribution, etc. c1963 [Reprint 1969].
300 ## - PHYSICAL DESCRIPTION
Pagination x, 91 p. ;
Size 22 cm.
490 0# - SERIES STATEMENT
Series statement Major contributors to social science series
650 #0 - SUBJECT ADDED ENTRY--TOPICAL TERM
Topical term or geographic name as entry element Sociology.
9 (RLIN) 100775
700 1# - ADDED ENTRY--PERSONAL NAME
Personal name Gerver, Israel,
Relator term ed.
942 ## - ADDED ENTRY ELEMENTS (KOHA)
Source of classification or shelving scheme Dewey Decimal Classification
Koha item type Books
Holdings
Lost status Source of classification or shelving scheme Damaged status Not for loan Collection code Permanent Location Current Location Shelving location Date acquired Source of acquisition Cost, normal purchase price Total Checkouts Full call number Date last seen Copy number Koha item type
  Dewey Decimal Classification   Not For Loan Non-fiction Central Library, University of Rajshahi Central Library, University of Rajshahi Reading Room 31/03/1977 Lions international 0.00   301.082 GEL 1969 30/04/2014 C-1 Books